| 000 | 00490nam a22001457a 4500 | ||
|---|---|---|---|
| 020 | _a9332544794 | ||
| 022 | _a978-9332544796 | ||
| 082 |
_a691 _bPUR _cM-38, P-122 |
||
| 100 |
_aPurushothama Raj ,P. _951285 |
||
| 245 |
_aBuilding Construction Materials and Techniques _c Purushothama Raj ,P. |
||
| 260 |
_aPearson Education India : _bPearson Education _c(March 1, 2017) |
||
| 300 |
_axxx ;592p. _bill _c9.2 x 6.1 x 0.9 inches |
||
| 526 |
_a0 _b0 _c0 _d691_000000000000000_PUR |
||
| 942 |
_2ddc _cBK |
||
| 999 |
_c554015 _d554015 |
||